000 00498nam a2200157 4500
999 _c3914
_d3914
008 150828b xxu||||| |||| 00| 0 eng d
020 _a0394354613
050 _aQA 533.B19 1987
100 _aBaley, John.
245 _aTrigonometry/
_cJohn Baley & Martin Holstege.
260 _aToronto:
_bRandom house,
_c1987.
300 _aix,390 [62]p.:
_bill.;
_c24 cm.
504 _aIncludes index.
650 _aTrigonometry, plane.
700 _aHolstege, Martin.
942 _2lcc
_cBOOKS
_hQA 533.B19 1987
_02